Statistiques concernant Les pays baltes

Cliquez ici pour prendre le quiz!

Statistiques générales

  • Ce quiz a été pris 44 fois
  • Le résultat moyen est 8 sur 16

Statistiques - réponses

HintRéponse% Correct
Pays dont la langue est la plus proche du finnoisEstonie
100%
Pays dont le drapeau a seulement deux couleursLettonie
100%
Seul pays frontalier commun aux trois paysRussie
100%
Pays le plus peuplé des 3 pays baltesLituanie
97%
Mer bordant les 3 paysMer Baltique
89%
Animal de compagnie, symbole de la ville de RigaChat
68%
Année durant laquelle Tallinn a accueilli la régate des JO de Moscou1980
42%
Résine fossilisée abondante dans ces paysAmbre
39%
Légume violet, principal ingrédient du bortsch froidBetterave
37%
Année durant laquelle les 3 pays baltes déclarent pour la première fois leur indépendance1918
34%
Ecrivain français né à Vilnius, auteur de la Promesse de l'aubeRomain Gary
29%
Vilnius est surnommée la ville aux 100 ___églises
26%
Deuxième ville d'Estonie, capitale européenne de la culture 2024Tartu
16%
Les événements anti URSS entre 1986 et 1991 sont appelés la révolution ___chantante
11%
Roi emblématique de la Lituanie, fondateur de VilniusGédiminas
5%
Projet visant à relier en train les 3 capitales baltes avec Varsovie et HelsinkiRail Baltica
0%

Distribution des résultats

Percentile par nombre de réponses

% des personnes avec chaque résultat

Votre développement - résultats

Vous n’avez pas pris ce quiz